000 01906cam a2200133 4500500
005 20260329023225.0
041 _afre
042 _adc
100 1 0 _aMasson, Marc
_eauthor
245 0 0 _a24 textes fondateurs de la psychiatrie : Introduits et commentés par la Société Médico-Psychologique
260 _bArmand Colin,
_c2013.
520 _aCet ouvrage d’une conception originale rassemble des textes fondateurs de la psychiatrie, introduits et commentés par les meilleurs spécialistes à la lumière des connaissances actuelles. Ces textes – extraits des Annales Médico-Psychologiques (bulletin officiel de la Société Médico-Psychologique), la plus ancienne revue de psychiatrie au monde, fondée en 1843 par Jules Baillarger et toujours publiée aujourd’hui –, constituent pour la plupart des premières mondiales de descriptions cliniques des troubles de l’humeur (bipolaires, mélancolie), des troubles psychotiques (schizophrénies), de l’anorexie mentale, des troubles mentaux liés à la grossesse, des troubles de la personnalité ou encore de la confusion mentale. Les auteurs de ces descriptions sont reconnus internationalement comme des pionniers de la psychiatrie (Jules Baillarger, Jules Falret, Gaëtan Gatien de Clérambault, Joseph Capgras, Paul Sérieux, Henri Ey, Jean Delay, Pierre Denicker…). La découverte des neuroleptiques, celle de l’efficacité des sels de lithium et de certains anti-épileptiques dans les troubles bipolaires sont également retracées et commentées. Ce véritable patrimoine psychopathologique français, ainsi remis en lumière dans cet ouvrage, deviendra une référence pour les professionnels de la santé mentale (psychiatres, psychologues) mais aussi pour les étudiants et les chercheurs.
856 4 1 _uhttps://shs.cairn.info/24-textes-fondateurs-de-la-psychiatrie--9782200287801?lang=fr&redirect-ssocas=7080
999 _c1925609
_d1925609